[Event "Winnipeg Divinsky Memorial"]
[Site "Winnipeg"]
[Date "2019.04.30"]
[Round "5.5"]
[White "Czarny, Keith"]
[Black "Melnyk, Jim"]
[Result "0-1"]
[WhiteElo "1687"]
[BlackElo "1673"]
[PlyCount "116"]
[EventDate "2019.04.02"]
[EventType "swiss"]
[EventRounds "4"]
[EventCountry "CAN"]
[SourceTitle "EXT 2022"]
[Source "ChessBase"]
[SourceDate "2021.10.06"]
[SourceVersion "1"]
[SourceVersionDate "2021.10.06"]
[SourceQuality "1"]

1. Nf3 Nc6 2. c4 e5 3. d3 d6 4. g3 f5 5. Bg5 Nf6 6. Bg2 Be7 7. 0-0 Bd7 8. Nc3 0-0 9. Bxf6 Bxf6 10. Nd5 Rb8 11. b4 Nxb4 12. Nxb4 e4 13. Rb1 exf3 14. Bxf3 c6 15. Nc2 Be6 16. Bg2 Qc7 17. f4 Rfd8 18. e3 d5 19. cxd5 Bxd5 20. Bxd5+ Rxd5 21. Qe2 c5 22. Rfc1 Qd8 23. Ne1 b6 24. e4 Bd4+ 25. Kh1 fxe4 26. dxe4 Rd7 27. Nf3 Qe7 28. Ng5 h6 29. Nf3 Rbd8 30. Rd1 Qe6 31. f5 Qf7 32. Nh4 Re8 33. Ng6 Qxf5 34. Qc4+ Qf7 35. Qxf7+ Kxf7 36. Nh4 Rxe4 37. Rf1+ Bf6 38. Rf3 Rde7 39. Nf5 Re1+ 40. Rxe1 Rxe1+ 41. Kg2 Re2+ 42. Rf2 Rxf2+ 43. Kxf2 Ke6 44. g4 Ke5 45. Ke2 Kf4 46. h3 h5 47. Nd6 hxg4 48. hxg4 Kxg4 49. Nc8 g5 50. Nxa7 Kf4 51. Kf2 g4 52. Nc8 Bd8 53. Nd6 Bc7 54. Nb5 Be5 55. Na3 Ke4 56. Nc4 g3+ 57. Kg2 Bc7 58. a3 Kd4 0-1

[Event "Winnipeg TNT January op"]
[Site "Winnipeg"]
[Date "2019.01.29"]
[Round "4.5"]
[White "Letain, Cory"]
[Black "Czarny, Keith"]
[Result "0-1"]
[WhiteElo "1692"]
[BlackElo "1635"]
[PlyCount "72"]
[EventDate "2019.01.08"]
[EventType "swiss"]
[EventRounds "4"]
[EventCountry "CAN"]
[SourceTitle "EXT 2022"]
[Source "ChessBase"]
[SourceDate "2021.10.06"]
[SourceVersion "1"]
[SourceVersionDate "2021.10.06"]
[SourceQuality "1"]

1. e4 e6 2. d4 d5 3. exd5 exd5 4. Nf3 Nf6 5. c4 Bb4+ 6. Nc3 0-0 7. Bd3 Re8+ 8. Be3 Bxc3+ 9. bxc3 Ne4 10. Qc2 Bg4 11. Nd2 f5 12. cxd5 Kh8 13. c4 Na6 14. a3 c6 15. dxc6 bxc6 16. 0-0 Nxd2 17. Qxd2 Qf6 18. h3 Bh5 19. Qa5 Nb8 20. Qc7 Qd8 21. Qb7 Nd7 22. Bxf5 Nf6 23. g4 Bg6 24. Bxg6 hxg6 25. Qxc6 Rc8 26. Qa6 Nxg4 27. hxg4 Qh4 28. Qxg6 Rxe3 29. Rfe1 Rg3+ 30. Kf1 Qh1+ 31. Ke2 Qf3+ 32. Kd2 Qxf2+ 33. Re2 Qxd4+ 34. Kc2 Rxc4+ 35. Kb1 Rg1+ 36. Ka2 Rxa1+ 0-1

[Event "Winnipeg TNT October op"]
[Site "Winnipeg"]
[Date "2017.10.03"]
[Round "1"]
[White "Magyar, Peter"]
[Black "Czarny, Keith"]
[Result "0-1"]
[WhiteElo "1444"]
[BlackElo "1673"]
[PlyCount "88"]
[EventDate "2017.10.03"]
[EventType "swiss"]
[EventRounds "4"]
[EventCountry "CAN"]
[SourceTitle "EXT 2022"]
[Source "ChessBase"]
[SourceDate "2021.10.06"]
[SourceVersion "1"]
[SourceVersionDate "2021.10.06"]
[SourceQuality "1"]

1. d4 e6 2. Bf4 f5 3. h3 Nf6 4. e3 Be7 5. Nf3 0-0 6. Be2 c5 7. c3 cxd4 8. cxd4 Nc6 9. a3 b6 10. Nbd2 Bb7 11. 0-0 Rc8 12. Rc1 Nd5 13. Bh2 Bf6 14. Nc4 Be7 15. Nce5 Nxe5 16. Nxe5 Nf6 17. Nf3 Rxc1 18. Qxc1 Qa8 19. Qd2 Ne4 20. Qd1 Rc8 21. Bb5 Bc6 22. Bc4 Nd6 23. Be2 Ne4 24. Ne5 Bd6 25. Nxc6 Bxh2+ 26. Kxh2 Qxc6 27. a4 Qc7+ 28. Kg1 Qc2 29. Bb5 Nf6 30. b3 Kf7 31. Bc4 Qe4 32. Qc1 d5 33. f3 Qh4 34. Kh2 dxc4 35. g3 Qg5 36. f4 Qh5 37. bxc4 Qe2+ 38. Kg1 Rxc4 39. Qd1 Qxe3+ 40. Kh1 Qxg3 41. Rf3 Rc1 42. Qxc1 Qxf3+ 43. Kh2 Nd5 44. h4 Qxf4+ 0-1

[Event "Winnipeg op"]
[Site "Winnipeg"]
[Date "2017.06.06"]
[Round "1"]
[White "Wolchock, Theo"]
[Black "Czarny, Keith"]
[Result "1-0"]
[WhiteElo "2103"]
[BlackElo "1664"]
[PlyCount "115"]
[EventDate "2017.06.06"]
[EventType "swiss"]
[EventRounds "8"]
[EventCountry "CAN"]
[SourceTitle "EXT 2022"]
[Source "ChessBase"]
[SourceDate "2021.10.06"]
[SourceVersion "1"]
[SourceVersionDate "2021.10.06"]
[SourceQuality "1"]

1. c4 Nf6 2. g3 g6 3. Bg2 Bg7 4. Nc3 0-0 5. d4 c6 6. e4 d6 7. Nge2 Nbd7 8. 0-0 Nb6 9. b3 Bg4 10. f3 Bd7 11. Be3 Re8 12. Qd2 Rc8 13. Rad1 Rc7 14. e5 Nfd5 15. cxd5 dxe5 16. dxe5 cxd5 17. Bxb6 axb6 18. Nxd5 Rc5 19. f4 Qb8 20. b4 Rcc8 21. Nxb6 Qa7 22. Qxd7 Qxb6+ 23. Qd4 Qb5 24. Nc3 Qa6 25. Qe3 Rc4 26. Rf2 Rec8 27. Nd5 Qe6 28. Nb6 Rc3 29. Qd4 R8c7 30. Qd8+ Bf8 31. Nd7 Rc8 32. Qb6 Qc4 33. Bd5 Qa6 34. Qxa6 bxa6 35. Rfd2 e6 36. Nxf8 Rxf8 37. Bb3 Rc6 38. Rd8 Rb6 39. Rxf8+ Kxf8 40. Rd4 Ke7 41. Kf2 h6 42. Ke3 g5 43. Kd3 f6 44. Rd6 Rxd6+ 45. exd6+ Kxd6 46. Bc4 gxf4 47. gxf4 e5 48. fxe5+ Kxe5 49. Bxa6 Kd5 50. Bb7+ Kd6 51. a4 Kc7 52. Be4 Kb6 53. Kc4 h5 54. a5+ Kc7 55. b5 h4 56. b6+ Kb8 57. a6 f5 58. a7+ 1-0

[Event "Winnipeg TNT May op"]
[Site "Winnipeg"]
[Date "2017.05.16"]
[Round "3"]
[White "Czarny, Keith"]
[Black "Goodman, Clifford"]
[Result "1/2-1/2"]
[WhiteElo "1649"]
[BlackElo "1611"]
[PlyCount "138"]
[EventDate "2017.05.02"]
[EventType "swiss"]
[EventRounds "5"]
[EventCountry "CAN"]
[SourceTitle "EXT 2022"]
[Source "ChessBase"]
[SourceDate "2021.10.06"]
[SourceVersion "1"]
[SourceVersionDate "2021.10.06"]
[SourceQuality "1"]

1. Nf3 Nf6 2. c4 c5 3. Nc3 Nc6 4. g3 g6 5. Bg2 Bg7 6. 0-0 0-0 7. d3 d5 8. cxd5 Nxd5 9. Nxd5 Qxd5 10. Nd2 Qh5 11. Ne4 Rd8 12. Bf3 Qe5 13. Bg2 Qh5 14. Rb1 c4 15. Qc2 cxd3 16. exd3 Bh3 17. Bf4 Bxg2 18. Kxg2 Qd5 19. f3 Qxd3 20. Qxd3 Rxd3 21. Rf2 b6 22. Rc2 Nb4 23. Rd2 Rxd2+ 24. Bxd2 Nd3 25. Bc3 Bxc3 26. Nxc3 Nc5 27. Rd1 Kf8 28. b4 Ne6 29. Rd2 Rd8 30. Re2 h5 31. Nb5 a6 32. Na3 h4 33. Rc2 hxg3 34. hxg3 b5 35. Nb1 Ke8 36. Nd2 Nd4 37. Rb2 Nc6 38. Ne4 Ne5 39. Rc2 Nc4 40. Re2 f5 41. Nc5 Rd6 42. f4 a5 43. bxa5 Nxa5 44. Rb2 Nc4 45. Rxb5 Rd2+ 46. Kh3 Rxa2 47. Rb8+ Kf7 48. Nd7 Ke6 49. Nf8+ Kf7 50. Nh7 Ne3 51. Ng5+ Kg7 52. Rb1 Ng4 53. Nf3 Ra3 54. Ng5 Ra2 55. Nf3 Ra3 56. Nh4 Nf2+ 57. Kg2 Ne4 58. Nf3 Rxf3 59. Rb7 Rf2+ 60. Kg1 Kf6 61. Rb6+ e6 62. Rb4 Rf3 63. Rb8 Rxg3+ 64. Kh1 Rg4 65. Rb3 Rxf4 66. Ra3 Nf2+ 67. Kh2 Rg4 68. Ra2 Nd3 69. Rf2 Nxf2 1/2-1/2

[Event "Winnipeg TNT April op"]
[Site "Winnipeg"]
[Date "2017.04.04"]
[Round "1"]
[White "Wiebe, Isaac"]
[Black "Czarny, Keith"]
[Result "1-0"]
[WhiteElo "2234"]
[BlackElo "1661"]
[PlyCount "85"]
[EventDate "2017.04.04"]
[EventType "swiss"]
[EventRounds "4"]
[EventCountry "CAN"]
[SourceTitle "EXT 2022"]
[Source "ChessBase"]
[SourceDate "2021.10.06"]
[SourceVersion "1"]
[SourceVersionDate "2021.10.06"]
[SourceQuality "1"]

1. d4 e6 2. Nf3 f5 3. d5 exd5 4. Qxd5 d6 5. Nc3 Nf6 6. Qb3 Be7 7. Bg5 Qd7 8. e3 a6 9. Bc4 Bd8 10. 0-0 Nc6 11. Bxf6 gxf6 12. Be2 Na5 13. Qb4 c5 14. Qh4 Qf7 15. Nd2 Rg8 16. Bh5 Rg6 17. Bxg6 hxg6 18. b4 cxb4 19. Qxb4 Nc6 20. Qh4 Be7 21. Rfd1 g5 22. Qg3 Ne5 23. Nf3 Ng6 24. Nd5 f4 25. exf4 gxf4 26. Nxf4 Ne5 27. Nxe5 fxe5 28. Nd5 Bd8 29. Qb3 Be6 30. c4 Rc8 31. Rab1 b5 32. Ne3 bxc4 33. Qa4+ Bd7 34. Qxa6 Rc6 35. Qa4 Rc5 36. Qa3 Ra5 37. Qxd6 Rxa2 38. Qxe5+ Be6 39. Rxd8+ Kxd8 40. Rb8+ Bc8 41. Qd6+ Qd7 42. Qf6+ Kc7 43. Qb6# 1-0

[Event "Winnipeg Rosenbloom Memorial"]
[Site "Winnipeg"]
[Date "2016.11.08"]
[Round "2"]
[White "Czarny, Keith"]
[Black "Valentino, Marcos"]
[Result "0-1"]
[WhiteElo "1637"]
[BlackElo "2224"]
[PlyCount "92"]
[EventDate "2016.11.01"]
[EventType "swiss"]
[EventRounds "7"]
[EventCountry "CAN"]
[SourceTitle "EXT 2022"]
[Source "ChessBase"]
[SourceDate "2021.10.06"]
[SourceVersion "1"]
[SourceVersionDate "2021.10.06"]
[SourceQuality "1"]

1. c4 Nf6 2. Nc3 c5 3. g3 Nc6 4. Bg2 g6 5. Nf3 Bg7 6. 0-0 0-0 7. d3 d6 8. Bd2 Bd7 9. Qc1 Re8 10. Rb1 Rb8 11. Re1 Nd4 12. Nxd4 cxd4 13. Ne4 Bc6 14. Nxf6+ Bxf6 15. Bxc6 bxc6 16. Qc2 Qd7 17. e3 c5 18. exd4 Bxd4 19. Bc3 Bxc3 20. Qxc3 e5 21. f3 Qa4 22. Ra1 Qb4 23. Qxb4 Rxb4 24. f4 Rxb2 25. fxe5 Rxe5 26. Rxe5 dxe5 27. a4 a5 28. Ra3 Kf8 29. h3 Ke7 30. Kh1 h5 31. h4 Ke6 32. Kg1 Kf5 33. Kf1 Kg4 34. Kg1 f5 35. Kf1 Kh3 36. Kg1 Kg4 37. Kf1 f4 38. gxf4 exf4 39. Ra1 Rd2 40. Rb1 Kf3 41. Kg1 Kg3 42. Kh1 Kxh4 43. Rf1 g5 44. Re1 f3 45. Re4+ Kg3 46. Re1 Rh2+ 0-1

[Event "Winnipeg Mundwiler Memorial"]
[Site "Winnipeg"]
[Date "2015.10.06"]
[Round "1.4"]
[White "Czarny, Keith"]
[Black "Wolchock, Theo"]
[Result "0-1"]
[WhiteElo "1919"]
[BlackElo "1655"]
[PlyCount "60"]
[EventDate "2015.10.06"]
[EventType "swiss"]
[EventRounds "4"]
[EventCountry "CAN"]
[SourceTitle "EXT 2022"]
[Source "ChessBase"]
[SourceDate "2021.10.06"]
[SourceVersion "1"]
[SourceVersionDate "2021.10.06"]
[SourceQuality "1"]

1. Nc3 e5 2. e4 Nf6 3. Bc4 Bc5 4. Nf3 Nc6 5. 0-0 0-0 6. Nxe5 Nxe5 7. d4 Nxc4 8. dxc5 h6 9. b3 Na5 10. e5 Nh7 11. Bb2 b6 12. Qd2 Nc6 13. Ne4 Qe7 14. Nf6+ gxf6 15. exf6 Qxc5 16. Qxh6 Qg5 17. Qg7+ Qxg7 18. fxg7 Re8 19. f4 f6 20. g4 Kxg7 21. g5 Kf7 22. h4 Rg8 23. Bc1 Ba6 24. Rf2 fxg5 25. fxg5+ Kg6 26. Rh2 Kh5 27. Bf4 Nd4 28. Kf2 Rae8 29. Re1 Rxe1 30. Kxe1 Nf3+ 0-1

[Event "Winnipeg TNT January op"]
[Site "Winnipeg"]
[Date "2015.06.27"]
[Round "4"]
[White "Bince, Rolando"]
[Black "Czarny, Keith"]
[Result "1-0"]
[WhiteElo "2055"]
[BlackElo "1736"]
[PlyCount "69"]
[EventDate "2015.06.01"]
[EventType "swiss"]
[EventRounds "4"]
[EventCountry "CAN"]
[SourceTitle "EXT 2022"]
[Source "ChessBase"]
[SourceDate "2021.10.06"]
[SourceVersion "1"]
[SourceVersionDate "2021.10.06"]
[SourceQuality "1"]

1. c4 c5 2. Nc3 Nc6 3. g3 g6 4. Bg2 Bg7 5. Nf3 Nf6 6. e3 d6 7. d4 0-0 8. 0-0 Bd7 9. b3 Bg4 10. h3 cxd4 11. exd4 Bd7 12. Bb2 Qc8 13. Kh2 a6 14. Re1 e5 15. dxe5 dxe5 16. Nd5 Nxd5 17. cxd5 Nd4 18. Nxd4 exd4 19. Rc1 Qd8 20. Bxd4 Rc8 21. Bxg7 Rxc1 22. Qxc1 Kxg7 23. Qc3+ Kg8 24. Qb4 b5 25. Qd6 Qc8 26. Re7 Rd8 27. Qf6 Rf8 28. d6 Be6 29. Bb7 Qd8 30. Qd4 a5 31. Qc5 a4 32. bxa4 bxa4 33. a3 Bb3 34. Qc7 f5 35. Rg7+ 1-0

[Event "Winnipeg May TNT"]
[Site "Winnipeg"]
[Date "2015.05.12"]
[Round "2.4"]
[White "Czarny, Keith"]
[Black "Einarsson, Ken"]
[Result "0-1"]
[WhiteElo "1672"]
[BlackElo "1747"]
[PlyCount "82"]
[EventDate "2015.05.05"]
[EventType "swiss"]
[EventRounds "4"]
[EventCountry "CAN"]
[SourceTitle "EXT 2019"]
[Source "ChessBase"]
[SourceDate "2018.10.10"]
[SourceVersion "1"]
[SourceVersionDate "2018.10.10"]
[SourceQuality "1"]

1. Nc3 d5 2. d4 Nf6 3. Nf3 e6 4. g3 c5 5. dxc5 Bxc5 6. a3 Nc6 7. b4 Bb6 8. Bg2 0-0 9. 0-0 e5 10. Bg5 Be6 11. b5 e4 12. bxc6 exf3 13. exf3 bxc6 14. Na4 Bc7 15. Nc5 Bf5 16. Rb1 Qd6 17. Nd3 Rab8 18. Nb4 h6 19. Bf4 Qd7 20. Bxc7 Qxc7 21. Qd2 Qd6 22. Nd3 Nd7 23. a4 Nb6 24. Qb4 Nc4 25. Qxd6 Nxd6 26. Rxb8 Rxb8 27. Ne5 Rc8 28. c3 f6 29. Ng4 Bh7 30. f4 Ne4 31. a5 Nxc3 32. Bf3 Bg6 33. Ne3 d4 34. Rc1 Be4 35. Bxe4 Ne2+ 36. Kf1 Nxc1 37. Nf5 Rc7 38. Nxd4 Rd7 39. Nxc6 Nb3 40. Bf5 Rc7 41. Be4 Nd2+ 0-1

[Event "Winnipeg TNT April op"]
[Site "Winnipeg"]
[Date "2014.04.29"]
[Round "5.5"]
[White "Czarny, Keith"]
[Black "De Groot, Steven"]
[Result "0-1"]
[WhiteElo "1769"]
[BlackElo "1936"]
[PlyCount "46"]
[EventDate "2014.04.01"]
[EventType "swiss"]
[EventRounds "5"]
[EventCountry "CAN"]
[SourceTitle "EXT 2022"]
[Source "ChessBase"]
[SourceDate "2021.10.06"]
[SourceVersion "1"]
[SourceVersionDate "2021.10.06"]
[SourceQuality "1"]

1. b4 Nf6 2. Bb2 e6 3. a3 c5 4. bxc5 Bxc5 5. e3 Qb6 6. Qc1 d5 7. Nc3 Bd7 8. Nf3 0-0 9. Ne5 Be8 10. a4 a6 11. a5 Qc7 12. Na4 Bxa4 13. Rxa4 Bd6 14. Qa1 Qxc2 15. Bd3 Qc7 16. 0-0 Bxe5 17. Bxe5 Qe7 18. Rc1 Nc6 19. Bb2 Rfc8 20. Rf4 e5 21. Rf5 g6 22. Bxe5 Nxe5 23. Rxe5 Rxc1+ 0-1